[Event "US Amateur West-ch"]
[Site "Palo Verde"]
[Date "2003.05.25"]
[Round "3"]
[White "Lane, Paul D"]
[Black "Asman, Jeff"]
[Result "1/2-1/2"]
[WhiteElo "2140"]
[BlackElo "1889"]
[PlyCount "105"]
[EventDate "2003.05.24"]
[EventType "swiss"]
[EventRounds "6"]
[EventCountry "USA"]
[SourceTitle "EXT 2014"]
[Source "ChessBase"]
[SourceDate "2013.11.20"]
[SourceVersion "1"]
[SourceVersionDate "2013.11.20"]
[SourceQuality "1"]

1. d4 Nf6 2. Nf3 e6 3. Bg5 d5 4. e3 c5 5. c3 cxd4 6. exd4 Be7 7. Bd3 Qb6 8. Qc2 h6 9. Bh4 Bd7 10. Nbd2 Bb5 11. 0-0 Bxd3 12. Qxd3 Nc6 13. Rab1 Rc8 14. Kh1 Qc7 15. Rbe1 Nh5 16. Bg3 Bd6 17. Qf5 Nxg3+ 18. hxg3 0-0 19. Qh5 Ne7 20. g4 Bf4 21. Nb3 g6 22. Qh3 Kg7 23. g3 Bd6 24. Kg2 Rh8 25. Rh1 b5 26. Re2 Nc6 27. Nh4 Rce8 28. f4 Qd7 29. Nf3 h5 30. Ne5 Bxe5 31. fxe5 hxg4 32. Qxg4 Rxh1 33. Kxh1 Rh8+ 34. Kg1 Qd8 35. Nc5 Qe7 36. Rf2 Rh5 37. Nd3 Qg5 38. Qxg5 Rxg5 39. Kg2 Rh5 40. b4 Ne7 41. a4 bxa4 42. Ra2 Rh8 43. Rxa4 Rc8 44. Nc5 Rc7 45. g4 Kh6 46. Kg3 Nc8 47. Ra6 Nb6 48. b5 Kg7 49. g5 Kf8 50. Ra3 Ke7 51. Na6 Nc4 52. Ra1 Rb7 53. Nc5 1/2-1/2